000 00691nam a2200229 a 4500
001 75258
003 BD-RjUL
005 20211209082651.0
008 190207s1961 ii b 001 0 eng
035 _a(BD-RjUL)75476
040 _aDLC
_cDLC
_dDLC
_dBD-RjUL
_beng
041 _aeng
082 _223
_a598.0954
_bDEB 1961
100 1 _aDewar, Douglas,
_d1875-1957.
_9227902
245 1 2 _aA bird calendar for Northern India /
_cby Douglas Dewar.
260 _aLondon :
_aCalcutta :
_bW. Thacker & Co. ;
_aSimla :
_bThacker ;
_bSpink & Co.,
_c1916, 1961
300 _a211 p. ;
_c18 cm.
500 _aIncludes index.
650 _aBirds
_zIndia
_9227903
942 _2ddc
_cBK
999 _c75258
_d75258